[Event "4NCL Division 2a"]
[Site "Hinckley Island ENG"]
[Date "2014.02.16"]
[Round "6.11"]
[White "Mayhew, Andrew"]
[Black "Thomas, Nicholas"]
[Result "1/2-1/2"]
[WhiteElo "2089"]
[BlackElo "2302"]
[PlyCount "28"]
[EventDate "2014.02.16"]
[WhiteTeam "Anglian Avengers 1"]
[BlackTeam "Warwickshire Select 1"]

1. b3 e5 2. Bb2 d6 3. e3 Nf6 4. d4 exd4 5. Qxd4 Nc6 6. Bb5 Bd7 7. Bxc6 Bxc6 8.
Ne2 Ne4 9. Nd2 Qe7 10. Nxe4 Qxe4 11. Qxe4+ Bxe4 12. f3 Bc6 13. e4 O-O-O 14.
O-O-O Be7 1/2-1/2

[Event "4NCL Division 2a"]
[Site "Hinckley Island ENG"]
[Date "2014.02.16"]
[Round "6.12"]
[White "Stepanyan, Henrik"]
[Black "Schreiner, Till"]
[Result "1/2-1/2"]
[WhiteElo "2033"]
[BlackElo "2289"]
[PlyCount "119"]
[EventDate "2014.02.16"]
[WhiteTeam "Warwickshire Select 1"]
[BlackTeam "Anglian Avengers 1"]

1. c4 Nf6 2. Nc3 g6 3. d4 Bg7 4. Nf3 O-O 5. e4 d6 6. h3 e5 7. dxe5 dxe5 8. Bg5
Nbd7 9. Nd5 h6 10. Nxf6+ Nxf6 11. Qxd8 Rxd8 12. Bxf6 Bxf6 13. Rd1 Be6 14. Bd3
a5 15. a4 Bg7 16. Ke2 f6 17. b3 Bf8 18. Bc2 Bc5 19. Rxd8+ Rxd8 20. Rd1 Re8 21.
Ne1 Kf7 22. Nd3 Bd4 23. Rf1 Bd7 24. f3 h5 25. Nf2 c6 26. Bd3 Be6 27. Rb1 Rd8
28. Nd1 f5 29. Ne3 f4 30. Nc2 Bc5 31. Rd1 g5 32. Ke1 g4 33. hxg4 hxg4 34. fxg4
Bxg4 35. Be2 Bf2+ 36. Kxf2 Rxd1 37. Bxd1 Bxd1 38. Na1 Ke6 39. Ke1 Bh5 40. Kd2
Kd6 41. b4 axb4 42. Nb3 Bf7 43. Kd3 b6 44. a5 bxa5 45. c5+ Kc7 46. Nxa5 b3 47.
Kc3 Bg6 48. Nc4 Bxe4 49. Nxe5 Bxg2 50. Kxb3 Bd5+ 51. Kc3 Kb7 52. Nd3 f3 53. Nf2
Ka6 54. Kb4 Kb7 55. Kc3 Kc7 56. Kd4 Kd7 57. Ke5 Ke7 58. Nd3 Kf7 59. Kf5 Kg7 60.
Kg5 1/2-1/2

[Event "4NCL Division 2a"]
[Site "Hinckley Island ENG"]
[Date "2014.02.16"]
[Round "6.13"]
[White "Munson, Shaun D"]
[Black "Pitcher, John"]
[Result "0-1"]
[WhiteElo "2167"]
[BlackElo "2244"]
[PlyCount "122"]
[EventDate "2014.02.16"]
[WhiteTeam "Anglian Avengers 1"]
[BlackTeam "Warwickshire Select 1"]

1. d4 d5 2. Nc3 Nf6 3. Bg5 Nbd7 4. e3 c6 5. f4 g6 6. Be2 Bg7 7. Nf3 O-O 8. O-O
Ne8 9. g4 Ndf6 10. Nd2 c5 11. Bf3 cxd4 12. exd4 Qb6 13. Nb3 e6 14. Qe1 h6 15.
Bh4 Nd6 16. a4 Bd7 17. Nc5 Bc6 18. Bf2 Qc7 19. Nd3 b6 20. Rc1 Bb7 21. Ne5 Nfe4
22. Nxe4 dxe4 23. Bg2 f6 24. Nxg6 Rfe8 25. Be3 Qf7 26. Nh4 f5 27. h3 Ba6 28.
Rf2 Nc4 29. c3 Bb7 30. Bf1 Nxe3 31. Qxe3 Bf6 32. g5 Bd8 33. Be2 Kh8 34. Ng2 Rg8
35. h4 Bc7 36. Qh3 Rg7 37. Ne3 hxg5 38. hxg5+ Rh7 39. Qf1 Kg7 40. Rh2 Rxh2 41.
Kxh2 Rh8+ 42. Kg2 Rh4 43. Kg1 Rxf4 44. Qh3 Qg6 45. Qh6+ Qxh6 46. gxh6+ Kxh6 47.
Ng2 Kg5 48. Nxf4 Kxf4 49. Bc4 Kg3 50. Bxe6 f4 51. c4 f3 52. Rc3 Bf4 53. Bd5
Bxd5 54. cxd5 Bd2 55. Rc8 e3 56. Rg8+ Kf4 57. Rf8+ Kg3 58. d6 Be1 59. Rg8+ Kf4
60. Rf8+ Kg4 61. d7 Bf2+ 0-1

[Event "4NCL Division 2a"]
[Site "Hinckley Island ENG"]
[Date "2014.02.16"]
[Round "6.14"]
[White "Mason, Donald J"]
[Black "Talsma, Paul A"]
[Result "1/2-1/2"]
[WhiteElo "2208"]
[BlackElo "2185"]
[PlyCount "81"]
[EventDate "2014.02.16"]
[WhiteTeam "Warwickshire Select 1"]
[BlackTeam "Anglian Avengers 1"]

1. d4 f5 2. c4 Nf6 3. Nc3 e6 4. e3 Bb4 5. Bd3 O-O 6. Nge2 b6 7. Qc2 Bb7 8. f3
Nh5 9. Bd2 Qh4+ 10. g3 Qe7 11. Rf1 Na6 12. O-O-O c5 13. g4 Bxc3 14. bxc3 Nf6
15. gxf5 exf5 16. d5 Nc7 17. Bxf5 b5 18. e4 bxc4 19. d6 Qxd6 20. e5 Qxe5 21.
Bf4 Qe7 22. Bxc7 d5 23. Bg3 g6 24. Bh3 Nh5 25. Rde1 Qf6 26. Bg4 Ng7 27. Nf4
Rae8 28. Bd7 Re7 29. Rxe7 Qxe7 30. Bg4 Qf6 31. Re1 Re8 32. Rxe8+ Nxe8 33. Be6+
Kg7 34. Bxd5 Bxd5 35. Nxd5 Qxf3 36. Qd2 h5 37. Be5+ Kh7 38. Bg3 Qe4 39. Qe3
Qh1+ 40. Kb2 Qxd5 41. Qxe8 1/2-1/2

[Event "4NCL Division 2a"]
[Site "Hinckley Island ENG"]
[Date "2014.02.16"]
[Round "6.15"]
[White "Player, Edmund C"]
[Black "Shephard, Chris CW"]
[Result "1/2-1/2"]
[WhiteElo "2245"]
[BlackElo "2169"]
[PlyCount "68"]
[EventDate "2014.02.16"]
[WhiteTeam "Anglian Avengers 1"]
[BlackTeam "Warwickshire Select 1"]

1. e4 g6 2. d4 c6 3. Nc3 d5 4. h3 dxe4 5. Nxe4 Bg7 6. Nf3 Nf6 7. Nxf6+ exf6 8.
Be2 O-O 9. O-O Be6 10. c4 a5 11. Be3 Na6 12. Qd2 Nc7 13. Rac1 Qd7 14. Rfd1 Rfc8
15. a4 Bf8 16. Ne1 Bf5 17. Nd3 Bxd3 18. Qxd3 Na6 19. Bd2 Nb4 20. Bxb4 Bxb4 21.
Bf3 Re8 22. d5 Rad8 23. Qc2 cxd5 24. Rxd5 Qc7 25. Qd3 Rxd5 26. Qxd5 b6 27. Rd1
Re1+ 28. Rxe1 Bxe1 29. Qe4 Qe5 30. Qxe5 fxe5 31. Kf1 Bb4 32. Ke2 f5 33. Bd5+
Kg7 34. f3 Kf6 1/2-1/2

[Event "4NCL Division 2a"]
[Site "Hinckley Island ENG"]
[Date "2014.02.16"]
[Round "6.16"]
[White "Lam, Paul GM"]
[Black "Gray, Mark S"]
[Result "0-1"]
[WhiteElo "2127"]
[BlackElo "2087"]
[PlyCount "122"]
[EventDate "2014.02.16"]
[WhiteTeam "Warwickshire Select 1"]
[BlackTeam "Anglian Avengers 1"]

1. g3 d5 2. Bg2 Nf6 3. Nf3 e6 4. O-O Be7 5. b3 O-O 6. Bb2 c5 7. d3 Nc6 8. Nbd2
d4 9. e4 e5 10. Nc4 Qc7 11. a4 Ne8 12. Nfd2 Be6 13. f4 f6 14. Rf2 Nd6 15. Qf1
Qd7 16. Nf3 Nf7 17. Re1 Bd6 18. Nh4 Bc7 19. Bc1 a6 20. Nf5 b5 21. Nb2 Nd6 22.
g4 Nf7 23. g5 fxg5 24. fxg5 Ba5 25. Ree2 g6 26. Ng3 Bg4 27. Bf3 Bh3 28. Bg2 Bg4
29. Bf3 Bd8 30. h4 Be7 31. Qg2 Nd6 32. Nf1 Bxf3 33. Rxf3 Rxf3 34. Qxf3 Rf8 35.
Qg3 Qe6 36. axb5 axb5 37. Nd1 c4 38. bxc4 bxc4 39. Ba3 Rf4 40. Nf2 cxd3 41.
cxd3 Nb5 42. Bxe7 Nc3 43. Rb2 Nxe7 44. Nh2 Qa6 45. Kg2 Qa1 46. Rb8+ Kf7 47. Nf3
Ne2 48. Nxe5+ Ke6 49. Rb6+ Nc6 50. Rxc6+ Ke7 51. Qh2 Qe1 52. Nf3 Qb1 53. Qh3
Rf5 54. Qh1 Nf4+ 55. Kh2 Qb2 56. Qf1 Ra5 57. Rc1 Nxd3 58. Rb1 Qxf2+ 59. Qxf2
Nxf2 60. Nxd4 Ra4 61. Rb7+ Kd6 {White overstepped the time limit} 0-1

[Event "4NCL Division 2a"]
[Site "Hinckley Island ENG"]
[Date "2014.02.16"]
[Round "6.17"]
[White "Spence, David J"]
[Black "Fallowfield, Jeremy R"]
[Result "1/2-1/2"]
[WhiteElo "2211"]
[BlackElo "2040"]
[PlyCount "37"]
[EventDate "2014.02.16"]
[WhiteTeam "Anglian Avengers 1"]
[BlackTeam "Warwickshire Select 1"]

1. e4 e6 2. f4 d5 3. e5 c5 4. Nf3 Nc6 5. g3 h5 6. Bh3 Nh6 7. O-O Qb6 8. d3 g6
9. c4 dxc4 10. dxc4 Nf5 11. Nc3 Bd7 12. Ng5 Be7 13. Nge4 Ncd4 14. Qd2 Bc6 15.
Qf2 Rd8 16. b3 Rd7 17. Rb1 Qd8 18. Re1 b6 19. Rb2 1/2-1/2

[Event "4NCL Division 2a"]
[Site "Hinckley Island ENG"]
[Date "2014.02.16"]
[Round "6.18"]
[White "Tsoi, Leo Z"]
[Black "Peck, Silas"]
[Result "1/2-1/2"]
[WhiteElo "1839"]
[BlackElo "1846"]
[PlyCount "56"]
[EventDate "2014.02.16"]
[WhiteTeam "Warwickshire Select 1"]
[BlackTeam "Anglian Avengers 1"]

1. e4 e5 2. Nf3 Nc6 3. d4 exd4 4. Nxd4 Bc5 5. Nb3 Bb6 6. Nc3 d6 7. Qe2 Nge7 8.
Be3 O-O 9. O-O-O f5 10. Qd2 fxe4 11. Nxe4 Bf5 12. Nc3 Qd7 13. Bc4+ Kh8 14. h3
Bxe3 15. Qxe3 Rae8 16. g4 Nd5 17. Qg3 Nxc3 18. Qxc3 Bg6 19. Rhf1 Qe7 20. f4
Qe3+ 21. Qxe3 Rxe3 22. f5 Bf7 23. Bxf7 Rxf7 24. h4 Ne5 25. Rf4 Rh3 26. h5 Rg3
27. Rdd4 Nf3 28. Rd1 Ne5 1/2-1/2

[Event "4NCL Division 2a"]
[Site "Hinckley Island ENG"]
[Date "2014.02.16"]
[Round "6.21"]
[White "Rutter, Nick J"]
[Black "Beaumont, Chris R"]
[Result "0-1"]
[WhiteElo "2183"]
[BlackElo "2282"]
[PlyCount "122"]
[EventDate "2014.02.16"]
[WhiteTeam "Wessex"]
[BlackTeam "Bristol 1"]

1. e4 c5 2. Nf3 g6 3. d4 Bg7 4. dxc5 Qa5+ 5. c3 Qxc5 6. Na3 Nf6 7. e5 Ne4 8.
Qd4 d5 9. Nb5 Na6 10. Be3 Qxd4 11. Bxd4 b6 12. Rd1 O-O 13. a4 Bb7 14. Bd3 Nac5
15. Bc2 Rfc8 16. O-O a6 17. Na3 Bc6 18. b3 b5 19. a5 Ne6 20. Bxe4 dxe4 21. Nd2
Nxd4 22. cxd4 Rd8 23. Nc2 Rac8 24. Rfe1 Bb7 25. Rc1 Bxe5 26. dxe5 Rxd2 27. Ne3
Rd3 28. Rxc8+ Bxc8 29. Rc1 Be6 30. Rc6 Rxb3 31. h4 Ra3 32. Rxa6 b4 33. Rb6 Rxa5
34. Rxb4 Rxe5 35. Rb7 Kf8 36. Rb8+ Kg7 37. Rb7 Bc8 38. Rc7 Ba6 39. Ng4 Re6 40.
Ne3 f6 41. Ra7 Kf7 42. Nd5 Bc4 43. Ne3 Rc6 44. g4 Rc5 45. Kg2 Be2 46. Kg3 h5
47. g5 fxg5 48. hxg5 Rxg5+ 49. Kf4 Rb5 50. Nc2 Bd3 51. Nd4 Rc5 52. Ke3 Bc4 53.
Kxe4 Bd5+ 54. Ke3 Kf6 55. Ne2 Rb5 56. Ra6+ e6 57. Nd4 Rb1 58. Ra5 h4 59. Ra7
Bb7 60. Ne2 h3 61. Ng3 h2 0-1

[Event "4NCL Division 2a"]
[Site "Hinckley Island ENG"]
[Date "2014.02.16"]
[Round "6.22"]
[White "Rudd, Jack"]
[Black "Simons, Martin J"]
[Result "1/2-1/2"]
[WhiteElo "2206"]
[BlackElo "2101"]
[PlyCount "89"]
[EventDate "2014.02.16"]
[WhiteTeam "Bristol 1"]
[BlackTeam "Wessex"]

1. e4 Nc6 2. Nf3 d5 3. exd5 Qxd5 4. c4 Qd6 5. d4 Bg4 6. d5 Ne5 7. Nc3 c6 8. Be2
Nxf3+ 9. gxf3 Bf5 10. Qb3 Qc7 11. Be3 Nf6 12. O-O-O g6 13. c5 Bg7 14. d6 exd6
15. cxd6 Qd7 16. Bd3 O-O 17. Bxf5 Qxf5 18. Qxb7 Nd5 19. Nxd5 cxd5 20. Rxd5
Rac8+ 21. Kd2 Rc2+ 22. Kd1 Rxb2 23. Rxf5 Rxb7 24. Rc5 Rd8 25. Ke2 Rb2+ 26. Kf1
Rxa2 27. d7 Ra1+ 28. Kg2 Rxh1 29. Kxh1 Kf8 30. Rd5 Ke7 31. Bc5+ Ke6 32. Rd6+
Ke5 33. f4+ Kf5 34. Kg2 Bf8 35. Rd5+ Ke6 36. Re5+ Kxd7 37. Rd5+ Kc6 38. Rxd8
Bxc5 39. Kf3 a5 40. Ra8 Kb5 41. Ke4 a4 42. Ke5 Bxf2 43. Kf6 Bd4+ 44. Kxf7 Be3
45. Kg7 1/2-1/2

[Event "4NCL Division 2a"]
[Site "Hinckley Island ENG"]
[Date "2014.02.16"]
[Round "6.23"]
[White "Pleasants, Allan J"]
[Black "Buckley, David E"]
[Result "0-1"]
[WhiteElo "2054"]
[BlackElo "2267"]
[PlyCount "76"]
[EventDate "2014.02.16"]
[WhiteTeam "Wessex"]
[BlackTeam "Bristol 1"]

1. Nc3 d5 2. e4 Nf6 3. e5 Nfd7 4. e6 fxe6 5. d4 c5 6. dxc5 Nc6 7. Nf3 g6 8. Bb5
Bg7 9. O-O Nxc5 10. Be3 Qd6 11. Bd4 O-O 12. Bxg7 Kxg7 13. Bxc6 bxc6 14. Qd4+
Kg8 15. Ne5 Nd7 16. Nxd7 Bxd7 17. Rfe1 Rf4 18. Qe5 Raf8 19. Qxd6 exd6 20. f3
Rc4 21. Rac1 e5 22. Nd1 Kf7 23. Re3 c5 24. Ra3 Ra4 25. Rb3 Bc6 26. a3 Ke6 27.
Rd3 Raf4 28. Nc3 e4 29. Re1 Ke5 30. Rd2 d4 31. Nxe4 Bxe4 32. fxe4 c4 33. b3
cxb3 34. cxb3 Rxe4 35. Rb1 Re3 36. a4 a5 37. h3 Rb8 38. Rbd1 Rb4 0-1

[Event "4NCL Division 2a"]
[Site "Hinckley Island ENG"]
[Date "2014.02.16"]
[Round "6.24"]
[White "Dilleigh, Stephen P"]
[Black "Gregory, Keith DF"]
[Result "1-0"]
[WhiteElo "2146"]
[BlackElo "2039"]
[PlyCount "115"]
[EventDate "2014.02.16"]
[WhiteTeam "Bristol 1"]
[BlackTeam "Wessex"]

1. Nf3 d6 2. d4 Bg4 3. c4 Nd7 4. Nc3 c6 5. g3 Ngf6 6. Bg2 e5 7. O-O Be7 8. h3
Bh5 9. Nh4 Bg6 10. Nxg6 hxg6 11. Be3 Qc7 12. Rc1 O-O 13. Qd2 Rfd8 14. Rfd1 Nf8
15. d5 c5 16. f4 N8d7 17. Bf2 Nh7 18. e3 a6 19. g4 g5 20. f5 Qa5 21. Bf1 Rdb8
22. a4 Qd8 23. Ra1 Ndf6 24. Qc2 Ne8 25. Ra3 Qd7 26. Rda1 Bd8 27. a5 Bc7 28. Be1
Qd8 29. Bd3 Nhf6 30. Nd1 Qe7 31. e4 Nd7 32. Qg2 Bd8 33. Bd2 f6 34. Qf2 Nf8 35.
Be2 Nh7 36. Kg2 Qd7 37. Qf3 Qc8 38. Qb3 Nf8 39. Qa4 Nd7 40. h4 gxh4 41. Rh3 g5
42. fxg6 Ng7 43. Ne3 Nf8 44. Nf5 Nxg6 45. Nxd6 Qc7 46. Nf5 Be7 47. Nxh4 Nf4+
48. Bxf4 exf4 49. Nf5 b5 50. axb6 Rxb6 51. Rah1 Rab8 52. b3 Qe5 53. Qd7 Qxe4+
54. Kf2 Nxf5 55. gxf5 Qd4+ 56. Kf1 Qa1+ 57. Kg2 f3+ 58. Kxf3 1-0

[Event "4NCL Division 2a"]
[Site "Hinckley Island ENG"]
[Date "2014.02.16"]
[Round "6.25"]
[White "de Coverly, Roger D"]
[Black "Krzyzanowski, Patryk"]
[Result "0-1"]
[WhiteElo "2024"]
[BlackElo "2004"]
[PlyCount "66"]
[EventDate "2014.02.16"]
[WhiteTeam "Wessex"]
[BlackTeam "Bristol 1"]

1. e4 c5 2. Nf3 g6 3. g3 Bg7 4. Bg2 Nc6 5. O-O d6 6. c3 Nf6 7. d3 O-O 8. a3 a5
9. a4 Rb8 10. Na3 Bd7 11. Nb5 Ne8 12. Be3 Nc7 13. Qd2 Ne5 14. Nxe5 dxe5 15.
Bxc5 Nxb5 16. axb5 b6 17. Be3 Bxb5 18. Rfd1 Qc7 19. c4 Bc6 20. Rac1 Ba4 21. Re1
Rfd8 22. Qc3 b5 23. Qa3 Qd6 24. Bf1 Qxa3 25. bxa3 b4 26. axb4 axb4 27. Bc5 Bh6
28. Rb1 Bd2 29. Bxe7 Bxe1 30. Bxd8 Rxd8 31. Rxe1 Bc2 32. Be2 b3 33. Bd1 Rxd3
0-1

[Event "4NCL Division 2a"]
[Site "Hinckley Island ENG"]
[Date "2014.02.16"]
[Round "6.26"]
[White "Musson, Adam J"]
[Black "Gill, Oliver"]
[Result "1/2-1/2"]
[WhiteElo "2071"]
[BlackElo "2000"]
[PlyCount "107"]
[EventDate "2014.02.16"]
[WhiteTeam "Bristol 1"]
[BlackTeam "Wessex"]

1. d4 Nc6 2. d5 Ne5 3. e4 e6 4. f4 Ng6 5. dxe6 dxe6 6. Qxd8+ Kxd8 7. Nc3 Bd7 8.
Bd3 Bc5 9. Nf3 Nh6 10. h3 f6 11. Bd2 Nf7 12. O-O-O e5 13. f5 Ne7 14. g4 Nd6 15.
a3 a5 16. Rhe1 Bc6 17. Be3 Bxe3+ 18. Rxe3 Ke8 19. a4 Kf7 20. Nd2 Rhd8 21. Nc4
Nxc4 22. Bxc4+ Kf8 23. Red3 Rxd3 24. Rxd3 Ke8 25. Kd2 Nc8 26. b3 Nd6 27. Bd5
Kd7 28. h4 Bxd5 29. Rxd5 c6 30. Rd3 h6 31. Nd1 Rd8 32. c4 Kc7 33. Ke3 Kb6 34.
Nf2 Nf7 35. Rxd8 Nxd8 36. Nd3 c5 37. g5 hxg5 38. hxg5 Nc6 39. g6 Nd4 40. Nf2
Kc7 41. Ng4 Nc6 42. Kd3 Kd6 43. Ne3 Ke7 44. Nd5+ Kf8 45. Nc7 Nd4 46. Kc3 Ne2+
47. Kc2 Nd4+ 48. Kb2 Ke7 49. Nd5+ Ke8 50. Ne3 Ne2 51. Ng4 Nd4 52. Nf2 Ke7 53.
Nd3 Kd6 54. Kc3 1/2-1/2

[Event "4NCL Division 2a"]
[Site "Hinckley Island ENG"]
[Date "2014.02.16"]
[Round "6.31"]
[White "Sathyanandha, Saravanan"]
[Black "Strugnell, Carl P"]
[Result "1/2-1/2"]
[WhiteElo "2188"]
[BlackElo "2277"]
[PlyCount "109"]
[EventDate "2014.02.16"]
[WhiteTeam "KJCA Kings"]
[BlackTeam "Rhyfelwyr Essyllwg"]

1. e4 e5 2. Bc4 Nf6 3. d3 c6 4. Nf3 d5 5. Bb3 Bb4+ 6. c3 Bd6 7. Bg5 dxe4 8.
dxe4 h6 9. Bh4 Qe7 10. Nbd2 Bc7 11. Qc2 Nbd7 12. a4 a5 13. Bc4 O-O 14. O-O Nc5
15. Rfe1 Ne6 16. Nf1 Nf4 17. Ne3 g6 18. Rad1 Kg7 19. Qc1 Qc5 20. Bxf6+ Kxf6 21.
g3 Nh3+ 22. Kg2 Kg7 23. Ba2 Qe7 24. Qc2 Ng5 25. Nh4 Bh3+ 26. Kh1 Bb6 27. Bb1
Rad8 28. Qe2 Be6 29. Bc2 Qc7 30. Neg2 Nh3 31. Rf1 Rxd1 32. Bxd1 Rd8 33. Ne3 Qd6
34. Bb3 Bxe3 35. Bxe6 Nxf2+ 36. Kg2 Qd2 37. Bc4 b5 38. axb5 cxb5 39. Bxb5 Qxe2
40. Bxe2 Rd2 41. b4 Rxe2 42. Kf3 Rb2 43. Kxe3 Ng4+ 44. Kd3 axb4 45. cxb4 Rxb4
46. Nf3 Ra4 47. h3 Ra3+ 48. Ke2 Nf6 49. Nxe5 Rxg3 50. h4 Rh3 51. Rf4 Nh5 52.
Rxf7+ Kg8 53. Rf3 Rxh4 54. Nxg6 Rxe4+ 55. Re3 1/2-1/2

[Event "4NCL Division 2a"]
[Site "Hinckley Island ENG"]
[Date "2014.02.16"]
[Round "6.32"]
[White "Kett, Timothy J"]
[Black "Jones, William EG"]
[Result "1-0"]
[WhiteElo "2235"]
[BlackElo "2131"]
[PlyCount "95"]
[EventDate "2014.02.16"]
[WhiteTeam "Rhyfelwyr Essyllwg"]
[BlackTeam "KJCA Kings"]

1. Nf3 Nf6 2. g3 g6 3. Bg2 Bg7 4. O-O O-O 5. d4 d6 6. b3 Nc6 7. Bb2 e5 8. dxe5
Nd7 9. c4 dxe5 10. Nc3 e4 11. Ne1 f5 12. Qd2 Nde5 13. Nd5 Be6 14. Rd1 Rf7 15.
f3 exf3 16. exf3 Rd7 17. f4 Ng4 18. Bxg7 Kxg7 19. Nd3 Qf8 20. Qc3+ Nf6 21. Nxf6
Qxf6 22. Qxf6+ Kxf6 23. Nc5 Rxd1 24. Rxd1 Nd8 25. Nxb7 Nxb7 26. Bxb7 Rb8 27.
Bd5 Rd8 28. Bf3 Rb8 29. Kf2 a5 30. Rd3 a4 31. Ke3 axb3 32. axb3 c5 33. Kd2 Rb6
34. Kc3 Ke7 35. Bd5 Bd7 36. Rd1 Ra6 37. Kb2 h6 38. Ra1 Rxa1 39. Kxa1 g5 40. Kb2
Kd6 41. Kc3 Kc7 42. b4 Kb6 43. fxg5 hxg5 44. b5 Kc7 45. Kd3 Kb6 46. h4 f4 47.
hxg5 fxg3 48. Ke3 1-0

[Event "4NCL Division 2a"]
[Site "Hinckley Island ENG"]
[Date "2014.02.16"]
[Round "6.33"]
[White "Green, Andrew D"]
[Black "Trevelyan, John"]
[Result "1-0"]
[WhiteElo "2122"]
[BlackElo "2138"]
[PlyCount "75"]
[EventDate "2014.02.16"]
[WhiteTeam "KJCA Kings"]
[BlackTeam "Rhyfelwyr Essyllwg"]

1. c4 e5 2. g3 Nf6 3. Bg2 c6 4. d4 d6 5. Nc3 Be7 6. e4 O-O 7. Nge2 Nbd7 8. O-O
Re8 9. h3 Bf8 10. d5 c5 11. f4 exf4 12. gxf4 Nh5 13. Qd3 g6 14. Ng3 Nxg3 15.
Qxg3 Bg7 16. Bd2 f5 17. Rae1 Nf6 18. e5 dxe5 19. fxe5 Ne4 20. Rxe4 fxe4 21. Bg5
Bxe5 22. Qxe5 Rxe5 23. Bxd8 Bxh3 24. Bf6 Bxg2 25. Kxg2 Rf5 26. Nxe4 Rxf1 27.
Kxf1 Kf7 28. Bg5 b6 29. Kf2 h5 30. Ke3 Rh8 31. Bf6 Re8 32. Bg5 Rh8 33. Bh4 Rb8
34. Kf4 a6 35. Nd6+ Kf8 36. a4 Kg7 37. Be7 Kh6 38. Ke5 1-0

[Event "4NCL Division 2a"]
[Site "Hinckley Island ENG"]
[Date "2014.02.16"]
[Round "6.34"]
[White "Brown, Tom"]
[Black "Hookham, James"]
[Result "0-1"]
[WhiteElo "2099"]
[BlackElo "2090"]
[PlyCount "138"]
[EventDate "2014.02.16"]
[WhiteTeam "Rhyfelwyr Essyllwg"]
[BlackTeam "KJCA Kings"]

1. d4 Nf6 2. c4 e6 3. Nc3 Bb4 4. e3 d5 5. Nge2 O-O 6. a3 Be7 7. cxd5 exd5 8.
Ng3 c5 9. dxc5 Bxc5 10. b4 Bb6 11. Na4 a5 12. b5 Be6 13. Nxb6 Qxb6 14. Bb2 Nbd7
15. Nh5 Bg4 16. Nxf6+ Nxf6 17. Qd4 Qxd4 18. Bxd4 Nd7 19. Be2 Be6 20. Rc1 Rac8
21. Kd2 f6 22. f4 Bf5 23. Bf3 Be4 24. b6 Kf7 25. a4 Ke6 26. Rhf1 Bxf3 27. gxf3
Kd6 28. e4 dxe4 29. fxe4 Nc5 30. Ke3 Nxa4 31. Ra1 Rc4 32. Rg1 Rf7 33. Rgc1 Rb4
34. Rcb1 Rxb1 35. Rxb1 Re7 36. Ra1 Nc5 37. e5+ fxe5 38. fxe5+ Rxe5+ 39. Bxe5+
Kxe5 40. Rxa5 Kd6 41. Ra8 Ke5 42. Rc8 Nd7 43. Rc7 Nxb6 44. Rxg7 Nd5+ 45. Kf3
Nf6 46. Rxb7 Kf5 47. Rb5+ Kg6 48. Kf4 Nh5+ 49. Kg4 Nf6+ 50. Kh4 Ne4 51. Re5 Nf6
52. Rg5+ Kf7 53. Rg1 h6 54. Rg2 Kf8 55. Kg3 Kf7 56. Kf4 Nh5+ 57. Ke5 Ng7 58.
Rf2+ Kg6 59. h3 Nh5 60. Ra2 Ng7 61. Ra4 Nh5 62. Ra6+ Kg5 63. Ra4 Kg6 64. Rg4+
Kf7 65. h4 Ng7 66. Rg1 Nh5 67. Kf5 Ng7+ 68. Kg4 Kg6 69. Ra1 Nh5 {
White overstepped the time limit} 0-1

[Event "4NCL Division 2a"]
[Site "Hinckley Island ENG"]
[Date "2014.02.16"]
[Round "6.35"]
[White "Foord, Dominic"]
[Black "Hewitt, William AR"]
[Result "1/2-1/2"]
[WhiteElo "2094"]
[BlackElo "2045"]
[PlyCount "80"]
[EventDate "2014.02.16"]
[WhiteTeam "KJCA Kings"]
[BlackTeam "Rhyfelwyr Essyllwg"]

1. d4 Nf6 2. Bg5 d5 3. e3 Nbd7 4. Bd3 g6 5. f4 Bg7 6. Nf3 O-O 7. Nbd2 c5 8. c3
b6 9. O-O e6 10. Qe1 Bb7 11. Qh4 Qc7 12. Rae1 Ne4 13. Bh6 f6 14. g4 Rf7 15. Re2
Re8 16. Bxg7 Rxg7 17. g5 c4 18. Bxe4 dxe4 19. Ne1 f5 20. Nc2 Bd5 21. Qe1 Rc8
22. h4 b5 23. Rh2 a5 24. h5 Qb6 25. Nb1 Kf7 26. Rff2 Rb8 27. Qd1 Nf8 28. Ne1
Rb7 29. Nc2 Rb8 30. Na1 b4 31. cxb4 axb4 32. Rc2 Ra8 33. Nd2 Qa6 34. b3 c3 35.
Nb1 Qd3 36. Qc1 Kg8 37. Rce2 Rga7 38. Nc2 Qb5 39. Na1 Qd3 40. Nc2 Qb5 1/2-1/2

[Event "4NCL Division 2a"]
[Site "Hinckley Island ENG"]
[Date "2014.02.16"]
[Round "6.36"]
[White "Bullen, Alex"]
[Black "Maguire, Robert"]
[Result "1-0"]
[WhiteElo "2024"]
[BlackElo "1980"]
[PlyCount "105"]
[EventDate "2014.02.16"]
[WhiteTeam "Rhyfelwyr Essyllwg"]
[BlackTeam "KJCA Kings"]

1. d4 Nf6 2. c4 g6 3. Nc3 Bg7 4. e4 d6 5. Nf3 O-O 6. Be2 Nc6 7. O-O e5 8. d5
Ne7 9. b4 Nh5 10. Re1 f5 11. Ng5 Nf4 12. Bxf4 exf4 13. Rc1 h6 14. Ne6 Bxe6 15.
dxe6 Bxc3 16. Rxc3 fxe4 17. Rh3 Nc6 18. Qd5 Qg5 19. Qxe4 Rae8 20. b5 Nd8 21.
Bg4 Re7 22. Qe2 Rf6 23. Rd3 Nxe6 24. Rd5 Rf5 25. Bxf5 gxf5 26. f3 Kf7 27. Qf2
Qf6 28. Qd2 Kg6 29. Qc1 Rg7 30. Rd2 Nc5 31. Qc2 Re7 32. Rxe7 Qxe7 33. Re2 Qf6
34. Qb2 Qf7 35. Qd4 Ne6 36. Qc3 Qf6 37. Qxf6+ Kxf6 38. Kf2 c6 39. bxc6 bxc6 40.
Rb2 Nc5 41. Rb8 a5 42. Ke2 Nd7 43. Rh8 Ne5 44. Rxh6+ Ke7 45. Rh4 Ke6 46. Rxf4
Ng6 47. Rd4 Ke5 48. Rd2 d5 49. cxd5 cxd5 50. g3 f4 51. Rb2 fxg3 52. hxg3 Ne7
53. Kd3 1-0

[Event "4NCL Division 2a"]
[Site "Hinckley Island ENG"]
[Date "2014.02.16"]
[Round "6.37"]
[White "Bayliss, Lyall CP"]
[Black "Blackburn, Suzy G"]
[Result "0-1"]
[WhiteElo "1951"]
[BlackElo "1958"]
[PlyCount "56"]
[EventDate "2014.02.16"]
[WhiteTeam "KJCA Kings"]
[BlackTeam "Rhyfelwyr Essyllwg"]

1. e4 e6 2. d4 d5 3. e5 c5 4. c3 Nc6 5. Nf3 Qb6 6. Be2 Bd7 7. O-O Be7 8. Na3
cxd4 9. cxd4 a6 10. Nc2 f6 11. exf6 Nxf6 12. Ne5 Nxe5 13. dxe5 Ne4 14. Bf3 Bb5
15. Be3 Bc5 16. Re1 O-O 17. b4 Bxe3 18. Nxe3 Nc3 19. Qb3 Rac8 20. Nd1 Ba4 21.
Qb2 d4 22. a3 Qc7 23. Nxc3 dxc3 24. Qa2 Qb6 25. Re4 c2 26. Rc4 Kf7 27. Be4 Ke7
28. Rf1 Qxf2+ 0-1

[Event "4NCL Division 2a"]
[Site "Hinckley Island ENG"]
[Date "2014.02.16"]
[Round "6.38"]
[White "Hatchett, Paul D"]
[Black "Giles, Yasmin"]
[Result "1-0"]
[WhiteElo "1971"]
[BlackElo "1866"]
[PlyCount "75"]
[EventDate "2014.02.16"]
[WhiteTeam "Rhyfelwyr Essyllwg"]
[BlackTeam "KJCA Kings"]

1. e4 c6 2. d4 d5 3. exd5 cxd5 4. Bd3 Nc6 5. c3 Nf6 6. Bf4 Bg4 7. Qb3 Qc8 8.
Nd2 e6 9. Ngf3 Be7 10. O-O a6 11. a4 O-O 12. h3 Bxf3 13. Nxf3 Ne8 14. Qc2 h6
15. Ne5 Nxe5 16. dxe5 Qd8 17. Rad1 g5 18. Be3 Ng7 19. g4 Kh8 20. Qe2 f5 21.
exf6 Bxf6 22. Bc2 Qc7 23. Qd3 Ne8 24. f4 Nd6 25. fxg5 hxg5 26. Qg6 Qg7 27. Qh5+
Kg8 28. h4 Nc4 29. Bc1 Rad8 30. hxg5 Be5 31. Qh6 Qxh6 32. gxh6 d4 33. h7+ Kg7
34. Rxf8 Kxf8 35. Bh6+ Ke7 36. Bg5+ Bf6 37. Rxd4 Rxd4 38. Bxf6+ 1-0

[Event "4NCL Division 2a"]
[Site "Hinckley Island ENG"]
[Date "2014.02.16"]
[Round "6.41"]
[White "Swanson, Stephen"]
[Black "Lee, Richard WY"]
[Result "0-1"]
[WhiteElo "2233"]
[BlackElo "2125"]
[PlyCount "82"]
[EventDate "2014.02.16"]
[WhiteTeam "Poisoned Pawns"]
[BlackTeam "Cambridge University 2"]

1. e4 e5 2. Nc3 Nf6 3. g3 Bc5 4. Bg2 Nc6 5. d3 d6 6. h3 h6 7. Nge2 a6 8. Nd5
Nd4 9. Nxd4 Bxd4 10. c3 Ba7 11. Ne3 Qe7 12. O-O O-O 13. Kh2 c6 14. Qf3 Re8 15.
Nf5 Bxf5 16. Qxf5 Qd7 17. Qf3 Qe6 18. Qe2 d5 19. b3 Rad8 20. Ba3 Rd7 21. exd5
Nxd5 22. Bb2 Nc7 23. Rad1 Qf6 24. h4 Qd6 25. Bh3 Rdd8 26. Bg2 Bc5 27. b4 Bb6
28. a3 a5 29. Be4 Ra8 30. Qf3 axb4 31. axb4 Ra2 32. Rb1 Rd8 33. Kg2 Qe6 34. h5
Nb5 35. Ba1 Rf8 36. Rbe1 f5 37. Bxc6 bxc6 38. d4 e4 39. Qd1 Qd5 40. Re2 Rxe2
41. Qxe2 Nd6 0-1

[Event "4NCL Division 2a"]
[Site "Hinckley Island ENG"]
[Date "2014.02.16"]
[Round "6.42"]
[White "Hill, Alistair"]
[Black "Byway, Paul V"]
[Result "1/2-1/2"]
[WhiteElo "2117"]
[BlackElo "2123"]
[PlyCount "54"]
[EventDate "2014.02.16"]
[WhiteTeam "Cambridge University 2"]
[BlackTeam "Poisoned Pawns"]

1. e4 c5 2. Nf3 e6 3. d4 cxd4 4. Nxd4 Nf6 5. Nc3 Nc6 6. g3 Qb6 7. Nb3 Bb4 8.
Bg2 O-O 9. O-O Bxc3 10. bxc3 d5 11. exd5 exd5 12. Be3 Qb5 13. Qd3 Qxd3 14. cxd3
Bf5 15. Rfd1 h6 16. Nd4 Bg6 17. Rab1 Ne5 18. Rxb7 Nxd3 19. Nc6 Be4 20. Bf1 d4
21. Bxd4 Bxc6 22. Rc7 Nxf2 23. Kxf2 Ne4+ 24. Kg1 Rfc8 25. Rxc8+ Rxc8 26. Bd3 a5
27. Bxe4 Bxe4 1/2-1/2